Online
Catalog

Síntesis de las decisiones tomadas en las sesiones y textos de las resoluciones y declaraciones aprobadas. (Record no. 43238)

MARC details
000 -CABECERA
campo de control de longitud fija 01047nam a2200265 a 4500
001 - NÚMERO DE CONTROL
campo de control 000043749
005 - FECHA Y HORA DE LA ÚLTIMA TRANSACCIÓN
campo de control 20250113131851.0
008 - DATOS DE LONGITUD FIJA--INFORMACIÓN GENERAL
campo de control de longitud fija 140422s1994 wau 001 0 spa d
040 ## - FUENTE DE LA CATALOGACIÓN
Centro catalogador/agencia de origen DO-SdBNP
Lengua de catalogación spa
Centro/agencia transcriptor BNPHU
082 ## - NÚMERO DE LA CLASIFICACIÓN DECIMAL DEWEY
Número de clasificación 341.245
Número de documento/Ítem O68s
110 2# - ENTRADA PRINCIPAL--NOMBRE DE ENTIDAD CORPORATIVA
Nombre de entidad corporativa o nombre de jurisdicción como elemento de entrada Organización de los Estados Americanos
Unidad subordinada Consejo Permanente
9 (RLIN) 71577
245 10 - MENCIÓN DE TÍTULO
Título Síntesis de las decisiones tomadas en las sesiones y textos de las resoluciones y declaraciones aprobadas.
260 ## - PUBLICACIÓN, DISTRIBUCIÓN, ETC.
Lugar de publicación, distribución, etc. Washington :
Nombre del editor, distribuidor, etc. OEA,
Fecha de publicación, distribución, etc. 1994.
300 ## - DESCRIPCIÓN FÍSICA
Extensión 193p. ;
Dimensiones 27 cm.
490 1# - MENCIÓN DE SERIE
Mención de serie [OEA documentos oficiales] ;
Designación de volumen o secuencia OEA/Ser.G
500 ## - NOTA GENERAL
Nota general Incluye índice analítico
500 ## - NOTA GENERAL
Nota general La biblioteca posee el v. 57
610 20 - PUNTO DE ACCESO ADICIONAL DE MATERIA--NOMBRE DE ENTIDAD CORPORATIVA
Nombre de entidad corporativa o nombre de jurisdicción como elemento de entrada Organización de los Estados Americanos
9 (RLIN) 17918
651 #4 - PUNTO DE ACCESO ADICIONAL DE MATERIA--NOMBRE GEOGRÁFICO
Nombre geográfico América
Subdivisión general Condiciones Económicas
9 (RLIN) 868
651 #4 - PUNTO DE ACCESO ADICIONAL DE MATERIA--NOMBRE GEOGRÁFICO
Nombre geográfico América
Subdivisión general Condiciones Sociales
9 (RLIN) 71578
651 #4 - PUNTO DE ACCESO ADICIONAL DE MATERIA--NOMBRE GEOGRÁFICO
Nombre geográfico América
Subdivisión general Condiciones Políticas
9 (RLIN) 71579
651 #4 - PUNTO DE ACCESO ADICIONAL DE MATERIA--NOMBRE GEOGRÁFICO
Nombre geográfico América
Subdivisión general Política Económica
9 (RLIN) 71580
830 #0 - PUNTO DE ACCESO ADICIONAL DE SERIE-TÍTULO UNIFORME
Título uniforme [OEA documentos oficiales] ;
Número de parte o sección de la obra OEA/Ser.G
9 (RLIN) 71581
910 ## - DATOS DE OPCIÓN DEL USUARIO (OCLC)
Datos de opción del usuario Validado. Control de calidad MFF
Holdings
Estado de retiro Estado de pérdida Restricciones de uso No para préstamo Código de colección Localización permanente Ubicación/localización actual Ubicación en estantería Fecha de adquisición Número de inventario Total de préstamos Signatura topográfica completa Código de barras Fecha visto por última vez Precio válido a partir de Tipo de ítem Koha
      Excluido de préstamo Monografías: Libros y Folletos Patrimonio Dominicano Patrimonio Dominicano Depósito 22.04.2014 LF1   341.245 O68s 43749-10 25.06.2020 25.06.2020 No se presta

Powered by Koha